Statystyki dla Spiderman - bohaterowie i złoczyńcy

Kliknij tutaj aby rozwiązać quiz!

Ogólne statystyki

  • Ten quiz został rozwiązany 69 razy
    (7 od ostatniego zresetowania)
  • Średni wynik to 12 z 31

Statystyki odpowiedzi

FilmBohater/Złoczyńca% Poprawnych
Spiderman 3Green Goblin
80%
Niesamowity Spiderman 2Green Goblin
80%
Spiderman: Bez Drogi Do DomuGreen Goblin
80%
Spiderman 1Green Goblin
80%
Spiderman: Bez Drogi Do DomuVenom
80%
Spiderman 3Venom
80%
Spiderman 2Doctor Octopus
60%
Spiderman: Bez Drogi Do DomuDoctor Octopus
60%
Spiderman: Bez Drogi Do DomuElectro
60%
Niesamowity Spiderman 2Electro
60%
Niesamowity Spiderman 1Lizard
40%
Spiderman: Bez Drogi Do DomuLizard
40%
Spiderman: Daleko Od DomuMysterio
40%
Spiderman: Bez Drogi Do DomuSandman
40%
Spiderman 3Sandman
40%
Spiderman: Bez Drogi Do DomuDoctor Strange
20%
Spiderman: HomecomingIronman
20%
Niesamowity Spiderman 2Rhino
20%
Spiderman: HomecomingScorpion
20%
Spiderman: Bez Drogi Do DomuSpiderman (Andrew)
20%
Niesamowity Spiderman 2Spiderman (Andrew)
20%
Niesamowity Spiderman 1Spiderman (Andrew)
20%
Spiderman: Bez Drogi Do DomuSpiderman (Tobey)
20%
Spiderman 3Spiderman (Tobey)
20%
Spiderman 2Spiderman (Tobey)
20%
Spiderman 1Spiderman (Tobey)
20%
Spiderman: Daleko Od DomuSpiderman (Tom)
20%
Spiderman: Bez Drogi Do DomuSpiderman (Tom)
20%
Spiderman: HomecomingSpiderman (Tom)
20%
Spiderman: HomecomingVulture
20%
Spiderman: Bez Drogi Do DomuWong
0%

Rozkład punktacji

Percentyl według liczby udzielonych odpowiedzi

Procent ludzi z każdym wynikiem

Twoja historia wyników

Nie rozwiązałeś tego quizu od ostatniego zresetowania